[Event "ch-FRA Blitz Online Qual"]
[Site "Europe-Chess INT"]
[Date "2020.05.16"]
[Round "2"]
[White "Villeneuve, Robin"]
[Black "Le Neindre, Yael"]
[Result "1-0"]
[WhiteElo "1662"]
[BlackElo "1258"]
[WhiteFideId "45100608"]
[BlackFideId "551064260"]
[EventDate "2020.05.16"]

1. e4 e5 2. Nf3 Nf6 3. Nxe5 d6 4. Nf3 Nxe4 5. d4 d5 6. c3 Nc6 7. Bd3 Be6 8. O-O
Be7 9. Nbd2 Nf6 10. Re1 O-O 11. Nf1 Re8 12. Ng3 Qd7 13. Be3 Bg4 14. Be2 Ne4 15.
Nxe4 dxe4 16. Ne5 Nxe5 17. dxe5 Qxd1 18. Raxd1 Bxe2 19. Rxe2 Bh4 20. Bf4 f6 21.
exf6 Bxf6 22. Rde1 Rad8 23. h3 c6 24. Rxe4 Rxe4 25. Rxe4 g5 26. Be3 Rd1+ 27. Kh2
Kf7 28. Kg3 a6 29. Bd4 Bd8 30. Be5 Rd2 31. Rd4 Rxd4 32. Bxd4 Bc7+ 33. Kg4 Kg6
34. g3 b6 35. Be3 h6 36. f4 h5+ 37. Kf3 Kf5 38. fxg5 a5 39. g4+ hxg4+ 40. hxg4+
Kg6 41. Ke4 Bd8 42. Ke5 Kf7 43. Kd6 c5 44. Kc6 Ke6 45. Bf4 Ke7 46. Bc7 Bxc7 47.
Kxc7 b5 48. Kc6 b4 49. cxb4 cxb4 50. Kb5 b3 51. axb3 a4 52. bxa4 Kd7 53. a5 Kc7
54. g6 Kb7 55. g7 Ka7 56. g8=Q Kb7 57. Qf7+ Kc8 58. Kc6 Kd8 59. Qd7# 1-0

[Event "ch-FRA Blitz Online Qual"]
[Site "Europe-Chess INT"]
[Date "2020.05.16"]
[Round "2"]
[White "Carme, Jeremie"]
[Black "Colette, Thierry"]
[Result "1-0"]
[WhiteElo "1659"]
[BlackElo "1411"]
[WhiteFideId "45184593"]
[BlackFideId "36056758"]
[EventDate "2020.05.16"]

1. e4 e5 2. Nf3 Nc6 3. Bb5 d6 4. O-O Bd7 5. c3 Nf6 6. Re1 Be7 7. h3 O-O 8. d4
exd4 9. cxd4 a6 10. Bc4 b5 11. Bb3 Na5 12. Bc2 c6 13. Qd3 Re8 14. e5 dxe5 15.
dxe5 Bb4 16. Bd2 Bxd2 17. Nbxd2 Bf5 18. Qxf5 g6 19. Qxf6 Qxf6 20. exf6 Nb7 21.
b4 Nd6 22. Bb3 Nf5 23. g4 Nd6 24. Kf1 1-0

[Event "ch-FRA Blitz Online Qual"]
[Site "Europe-Chess INT"]
[Date "2020.05.16"]
[Round "2"]
[White "Albaladejo, Sylviane"]
[Black "Maugin, Narada"]
[Result "0-1"]
[WhiteElo "1025"]
[BlackElo "1947"]
[WhiteFideId "20605218"]
[BlackFideId "45165025"]
[EventDate "2020.05.16"]

1. e4 c6 2. Nf3 d5 3. exd5 cxd5 4. d4 Bg4 5. Be2 Nc6 6. O-O e6 7. Be3 Nf6 8. Nc3
Be7 9. a3 a5 10. Ne5 Bxe2 11. Nxe2 O-O 12. f4 Rc8 13. c3 Qb6 14. Rb1 Qa6 15. Re1
a4 16. Nc1 Ne4 17. Ncd3 Qb5 18. Nd7 Rfd8 19. N7e5 Na5 20. Nc5 Nc4 21. Nxe4 dxe4
22. Nxc4 Qxc4 23. h3 b5 24. Qc2 Qd5 25. Qf2 f5 26. h4 Bf6 27. Rbc1 Rc7 28. Red1
Rdc8 29. g3 Qc4 30. Qf1 Be7 31. Qxc4 bxc4 32. d5 Kf7 33. dxe6+ Kxe6 34. Bd4 g6
35. Be5 Rb7 36. Rb1 Rc6 37. Kg2 Rcb6 38. Rd2 Bxa3 39. Bd4 Rxb2 40. Rdxb2 Rxb2+
41. Rxb2 Bxb2 42. Kh3 a3 43. g4 a2 44. gxf5+ gxf5 45. h5 a1=Q 46. Kh4 Bxc3 47.
Kg5 Bxd4 48. Kh6 Qg1 49. Kxh7 Qg7# 0-1

[Event "ch-FRA Blitz Online Qual"]
[Site "Europe-Chess INT"]
[Date "2020.05.16"]
[Round "2"]
[White "Buffin, Jean"]
[Black "Ogier, Daniil"]
[Result "1-0"]
[WhiteElo "1711"]
[BlackElo "1059"]
[WhiteFideId "20699751"]
[BlackFideId "45187398"]
[EventDate "2020.05.16"]

1. d4 c5 2. d5 Nf6 3. c4 b5 4. cxb5 a6 5. bxa6 g6 6. Nc3 Bxa6 7. g3 Bg7 8. Nf3
d6 9. Bg2 O-O 10. O-O Nbd7 11. Re1 Nb6 12. e4 Nfd7 13. Bf4 Nc4 14. Qc1 Qa5 15.
Bh6 Rfb8 16. Bxg7 Kxg7 17. b3 Na3 18. Qb2 Kg8 19. e5 Nc4 20. Qc1 dxe5 21. bxc4
Bxc4 22. Nxe5 Nxe5 23. Rxe5 Rb3 24. Nd1 Qa3 25. axb3 Qxa1 26. Qxa1 Rxa1 27. bxc4
Rxd1+ 28. Bf1 Kf8 29. Kg2 f6 30. Re6 Kf7 31. Rc6 Rd3 32. Bxd3 Ke8 33. Rxc5 Kd7
34. Rc6 f5 35. c5 e5 36. Bb5 Kd8 37. Rd6+ Ke7 38. Re6+ Kd8 39. c6 Kc8 40. d6 Kd8
41. c7+ Kc8 42. Bc6 f4 43. Re8# 1-0

[Event "ch-FRA Blitz Online Qual"]
[Site "Europe-Chess INT"]
[Date "2020.05.16"]
[Round "2"]
[White "Senegas, Pascal"]
[Black "Maged, Gabriel"]
[Result "1-0"]
[WhiteElo "1654"]
[BlackElo "1218"]
[WhiteFideId "45102074"]
[BlackFideId "551008629"]
[EventDate "2020.05.16"]

1. Nf3 d5 2. c4 dxc4 3. e4 Nc6 4. Bxc4 Bg4 5. h3 e6 6. Nc3 Bc5 7. hxg4 Na5 8.
Bb3 Nxb3 9. Qxb3 b6 10. d3 a5 11. Qb5+ Kf8 12. Be3 Bd6 13. e5 Be7 14. O-O Rc8
15. Rac1 c6 16. Qxb6 Qxd3 17. Rfd1 Qg6 18. Qb7 Re8 19. Qxc6 Qg5 20. Bxg5 1-0

[Event "ch-FRA Blitz Online Qual"]
[Site "Europe-Chess INT"]
[Date "2020.05.16"]
[Round "2"]
[White "Rieger, Emmanuel"]
[Black "Lamblain, Nicolas"]
[Result "0-1"]
[WhiteElo "1306"]
[BlackElo "1645"]
[WhiteFideId "551000091"]
[BlackFideId "20605641"]
[EventDate "2020.05.16"]

1. e4 c5 2. Nf3 d6 3. c3 Nf6 4. Qc2 a6 5. d4 cxd4 6. cxd4 Nc6 7. Be3 e6 8. Be2
Be7 9. O-O O-O 10. e5 dxe5 11. dxe5 Nd5 12. Nc3 Nxe3 13. fxe3 Qb6 14. Nd1 Bd7
15. Bd3 h6 16. Qe2 Rac8 17. a3 Qc7 18. b4 Nxe5 19. Nxe5 Qxe5 20. Ra2 Bc6 21. Nf2
Bg5 22. Ng4 Qd5 23. e4 Qd4+ 24. Nf2 Rfd8 25. Rd2 Bxd2 26. Qxd2 Bxe4 27. Kh1 Bxd3
28. Nxd3 Qxd3 29. Qxd3 Rxd3 30. h3 Rcd8 31. Kh2 Rd2 32. Rf3 Ra2 33. Rc3 Rdd2 34.
Kg3 Rxg2+ 35. Kf3 f5 36. Rc7 e5 37. Re7 Raf2+ 38. Ke3 f4+ 39. Ke4 Kf8 40. Rxb7
Re2+ 41. Kf5 f3 42. Rb8+ Ke7 43. Re8+ Kxe8 44. h4 f2 45. h5 Ke7 46. a4 f1=Q# 0-1

[Event "ch-FRA Blitz Online Qual"]
[Site "Europe-Chess INT"]
[Date "2020.05.16"]
[Round "2"]
[White "Druon, Thibault"]
[Black "Minde, Baptiste"]
[Result "1-0"]
[WhiteElo "1644"]
[BlackElo "1210"]
[WhiteFideId "45166510"]
[BlackFideId "45172110"]
[EventDate "2020.05.16"]

1. d4 e6 2. c4 d5 3. Nc3 Bb4 4. Qa4+ Nc6 5. cxd5 Bxc3+ 6. bxc3 exd5 7. Nf3 Bd7
8. Qc2 Nf6 9. Bg5 O-O 10. e3 Be6 11. Bd3 g6 12. h4 Bg4 13. Ne5 Bc8 14. h5 Qd6
15. Nxc6 bxc6 16. hxg6 fxg6 17. Bxg6 Qe7 18. Bxh7+ Kg7 19. Qg6+ Kh8 20. Bg8+ Nh7
21. Rxh7+ Qxh7 22. Qxh7# 1-0

[Event "ch-FRA Blitz Online Qual"]
[Site "Europe-Chess INT"]
[Date "2020.05.16"]
[Round "2"]
[White "Abiven, Pierre-Louis"]
[Black "Lissillour, Baptiste"]
[Result "0-1"]
[WhiteElo "1200"]
[BlackElo "1731"]
[WhiteFideId "45168016"]
[BlackFideId "45179620"]
[EventDate "2020.05.16"]

1. e4 c5 2. Nf3 d6 3. d4 cxd4 4. Nxd4 Nf6 5. Nc3 a6 6. a4 e5 7. Nf3 Be7 8. Nd5
Nxd5 9. exd5 O-O 10. Bd3 f5 11. Be2 Nd7 12. O-O Bf6 13. c3 Re8 14. Re1 b6 15. b4
g5 16. Qd2 g4 17. Ng5 Nf8 18. Bc4 Bb7 19. Ne6 Nxe6 20. dxe6 d5 21. Bb3 Rxe6 22.
c4 d4 23. c5 Bd5 24. Bxd5 Qxd5 25. cxb6 Rxb6 26. Qa2 Qxa2 27. Rxa2 Rxb4 28. Bd2
Rc4 29. f3 gxf3 30. gxf3 Rac8 31. f4 e4 32. Re2 Rc2 33. Rxc2 Rxc2 34. Rg2+ Kf7
35. Kf1 e3 36. Bb4 Rxg2 37. Kxg2 d3 38. Kf3 e2 39. Ke3 Bh4 40. Kxd3 e1=Q 41.
Bxe1 Bxe1 42. h3 a5 43. Ke2 Bb4 44. Kd3 Kg6 45. Ke2 Kh5 46. Kf3 Kh4 47. Kg2 h5
48. Kh2 Bd2 49. Kg2 Bxf4 50. Kf3 Bb8 51. Kg2 f4 52. Kf3 Kxh3 53. Kf2 Kg4 54. Kg1
Ba7+ 55. Kh1 f3 56. Kh2 Bb8+ 57. Kh1 Kg3 58. Kg1 h4 59. Kh1 Kf4 60. Kg1 Ke3 61.
Kf1 f2 62. Kg2 Ke2 63. Kh1 f1=Q# 0-1

[Event "ch-FRA Blitz Online Qual"]
[Site "Europe-Chess INT"]
[Date "2020.05.16"]
[Round "2"]
[White "Andre, Sebastien"]
[Black "Paralieu, Emma"]
[Result "0-1"]
[WhiteElo "1610"]
[BlackElo "1312"]
[WhiteFideId "26016982"]
[BlackFideId "45154163"]
[EventDate "2020.05.16"]

1. d4 Nf6 2. Nf3 e6 3. g3 d6 4. Bg2 c6 5. O-O Be7 6. c4 Nbd7 7. Nc3 Nb6 8. b3
O-O 9. Bb2 d5 10. c5 Nbd7 11. Qc2 b6 12. b4 Nb8 13. e4 Na6 14. a3 bxc5 15. bxc5
Rb8 16. Ne5 Bd7 17. Rab1 Qc7 18. Kh1 Nxc5 19. dxc5 Qxe5 20. f4 Qc7 21. Ne2 dxe4
22. Bxe4 Nxe4 23. Qxe4 Bxc5 24. Rfd1 a6 25. Be5 Rxb1 26. Bxc7 Rxd1+ 27. Kg2 Rd2
28. Kf3 Ra2 29. Qe5 Rxa3+ 30. Kg4 f5+ 31. Kh3 Be7 32. Nd4 Rd3 33. Nxe6 Bxe6 34.
Qxe6+ Rf7 35. Be5 Rd5 36. Qc8+ Rd8 37. Qxc6 h6 38. Qxa6 Kh7 39. Qe6 Re8 40. Qc6
Ref8 41. Ba1 Bf6 42. Bxf6 Rxf6 43. Qc3 Rg6 44. Qe5 Rff6 45. Kg2 Rg4 46. h3 Rgg6
47. Kf3 h5 48. g4 fxg4+ 49. hxg4 hxg4+ 50. Kg3 Ra6 51. Qh5+ Rh6 52. Qxg4 Rag6
53. Kf3 Rxg4 54. Kxg4 Rg6+ 55. Kf5 Kh6 56. Ke5 Rf6 57. f5 Kg5 0-1

[Event "ch-FRA Blitz Online Qual"]
[Site "Europe-Chess INT"]
[Date "2020.05.16"]
[Round "2"]
[White "Leonardy, Batiste"]
[Black "Kuhn, Mathilde"]
[Result "1-0"]
[WhiteElo "1177"]
[BlackElo "1764"]
[WhiteFideId "36062880"]
[BlackFideId "36099783"]
[EventDate "2020.05.16"]

1. e4 c5 2. Nf3 d6 3. d4 cxd4 4. Nxd4 Nf6 5. Nc3 a6 6. Bc4 e6 7. Bb3 b5 8. f3
Be7 9. Be3 O-O 10. Qd2 Qc7 11. O-O-O b4 12. Na4 Bd7 13. Qxb4 Nc6 14. Qb6 Qxb6
15. Nxb6 Nxd4 16. Bxd4 Rab8 17. Bxf6 Rxb6 18. Bxe7 Re8 19. Bxd6 Bb5 20. a4 Bc6
21. Bc5 Rb7 22. Rd6 Rc8 23. Rhd1 h6 24. Rd8+ Rxd8 25. Rxd8+ Kh7 26. Rd6 Rc7 27.
Bb6 Rc8 28. c4 Kg6 29. c5 Kf6 30. Bd8+ Ke5 31. Kd2 f5 32. Ke3 fxe4 33. Rxe6+ Kf5
34. fxe4+ Bxe4 35. g4+ Kxg4 36. Rxe4+ Kf5 37. Be6+ Kg6 38. Bxc8 1-0

[Event "ch-FRA Blitz Online Qual"]
[Site "Europe-Chess INT"]
[Date "2020.05.16"]
[Round "2"]
[White "Trevisiol, Antoine"]
[Black "De Nave, Julien"]
[Result "1-0"]
[WhiteElo "1788"]
[BlackElo "1177"]
[WhiteFideId "45136530"]
[BlackFideId "45188360"]
[EventDate "2020.05.16"]

1. d4 Nf6 2. c4 g6 3. Nc3 d5 4. cxd5 Nxd5 5. Bd2 Bg7 6. e4 Nxc3 7. Bxc3 e6 8.
Bc4 b6 9. Nf3 Bb7 10. Qc2 Nc6 11. Rd1 Qe7 12. d5 Bxc3+ 13. Qxc3 Ne5 14. Qxe5 Rg8
15. O-O O-O-O 16. dxe6 Rxd1 17. Rxd1 fxe6 18. Qxe6+ Qxe6 19. Bxe6+ Kb8 20. Bxg8
Bxe4 21. Rd8+ Kb7 22. Bd5+ Bxd5 23. Rxd5 c6 24. Rd7+ Ka6 25. Nd4 Ka5 26. a3 c5
27. Rxa7# 1-0

[Event "ch-FRA Blitz Online Qual"]
[Site "Europe-Chess INT"]
[Date "2020.05.16"]
[Round "2"]
[White "Droulout, Paul"]
[Black "Douchez, Tony"]
[Result "0-1"]
[WhiteElo "1176"]
[BlackElo "1630"]
[WhiteFideId "45109770"]
[BlackFideId "36087785"]
[EventDate "2020.05.16"]

1. e4 e5 2. Nf3 Nc6 3. Bc4 Bc5 4. d4 Nxd4 5. Nxe5 Qf6 6. Nd3 Bb6 7. O-O d6 8.
Bf4 Ne7 9. c3 Ne6 10. Bg3 Ng6 11. Nd2 Nc5 12. Qc2 Bd7 13. b4 Ne6 14. a4 a5 15.
b5 Nc5 16. Nxc5 Bxc5 17. Kh1 Ne5 18. Ba2 Be6 19. Bxe6 Qxe6 20. f3 Nc4 21. Nxc4
Qxc4 22. Bf2 Bxf2 23. Rxf2 Qc5 24. Rff1 O-O 25. Qd3 Rfe8 26. Qd4 Re5 27. Rac1
Rae8 28. Qxc5 Rxc5 29. c4 f6 30. Rfd1 Kf7 31. Kg1 Ke6 32. Kf2 c6 33. Ke3 cxb5
34. cxb5 Rec8 35. Ra1 Rc3+ 36. Rd3 Rc2 37. Rd2 R8c3+ 38. Ke2 Rc4 39. Kd3 Rxd2+
40. Kxd2 Rb4 41. Kc3 g5 42. g3 h5 43. h3 Ke5 44. Ra3 g4 45. hxg4 hxg4 46. f4+
Kxe4 47. Ra1 Kd5 48. Rd1+ Ke6 49. Re1+ Kf7 50. Ra1 f5 51. Re1 Rxa4 52. Rb1 Ra3+
53. Kb2 Rxg3 54. Ra1 b6 55. Rd1 Ke6 56. Re1+ Kd7 57. Rd1 Rf3 58. Rd4 g3 0-1

[Event "ch-FRA Blitz Online Qual"]
[Site "Europe-Chess INT"]
[Date "2020.05.16"]
[Round "2"]
[White "Lapitski, Yaroslav"]
[Black "Negre, Maxime"]
[Result "1-0"]
[WhiteElo "1765"]
[BlackElo "1105"]
[WhiteFideId "13519468"]
[BlackFideId "45187231"]
[EventDate "2020.05.16"]

1. Nf3 Nc6 2. d4 d5 3. Bf4 Bf5 4. e3 Nf6 5. c4 e6 6. a3 Bd6 7. Bg3 Ne7 8. Nc3 c6
9. Bd3 h6 10. O-O Bxd3 11. Qxd3 Ng6 12. Ne5 Bxe5 13. dxe5 Nd7 14. f4 O-O 15. b4
Nb6 16. c5 Nc4 17. Ne2 b6 18. cxb6 axb6 19. Be1 c5 20. bxc5 bxc5 21. e4 dxe4 22.
Qxc4 Qe7 23. Bf2 Rac8 24. Be3 Rc7 25. Qxe4 c4 26. Rfc1 Rfc8 27. Nc3 Qh4 28. g3
Qg4 29. Kf2 Qh3 30. Qg2 Qf5 31. a4 Qd3 32. a5 Ra7 33. a6 Rb8 34. Qf1 Rd8 35.
Qxd3 cxd3 36. Nb5 d2 37. Bxa7 dxc1=Q 38. Rxc1 Ne7 39. Bc5 Nc6 40. a7 Ra8 41. Nc7
Nxa7 42. Nxa8 1-0

[Event "ch-FRA Blitz Online Qual"]
[Site "Europe-Chess INT"]
[Date "2020.05.16"]
[Round "2"]
[White "Fernandez, Maylis"]
[Black "Stoll, Lucia"]
[Result "0-1"]
[WhiteElo "1165"]
[BlackElo "1561"]
[WhiteFideId "45148511"]
[BlackFideId "45133301"]
[EventDate "2020.05.16"]

1. e4 e5 2. Nf3 Nc6 3. d4 exd4 4. Nxd4 Bc5 5. Nb3 Bb6 6. Nc3 Nf6 7. Bg5 h6 8.
Bh4 O-O 9. Qf3 Ne5 10. Qg3 Ng6 11. Kd1 Nxh4 12. Qxh4 Re8 13. Kd2 Qe7 14. Re1 d6
15. Kc1 Be6 16. Bb5 c6 17. Bd3 Bxb3 18. axb3 a5 19. Re2 Bd4 20. Nd1 Be5 21. Rhe1
a4 22. bxa4 Rxa4 23. Kb1 Rea8 24. Kc1 Ra1+ 25. Kd2 d5 26. exd5 Qd6 27. Nc3 Bf4+
28. Re3 Bxe3+ 29. fxe3 cxd5 30. Qd4 Rxe1 31. Kxe1 Qxh2 32. Kd2 Qxg2+ 33. Be2 Kh7
34. Qd3+ Ne4+ 35. Kc1 Qg1+ 36. Bd1 Ra1+ 37. Nb1 Rxb1+ 38. Kxb1 Qxd1+ 39. Ka2
Qxd3 40. cxd3 Nc5 41. d4 Ne4 42. Kb3 h5 43. Kb4 Kg6 44. b3 Nf6 45. Kc3 h4 46.
Kd2 h3 47. Ke1 h2 48. Kf1 h1=Q+ 0-1

[Event "ch-FRA Blitz Online Qual"]
[Site "Europe-Chess INT"]
[Date "2020.05.16"]
[Round "2"]
[White "Bui, Christopher"]
[Black "Frazao, Pascal"]
[Result "1-0"]
[WhiteElo "1849"]
[BlackElo "1165"]
[WhiteFideId "45107998"]
[BlackFideId "45127557"]
[EventDate "2020.05.16"]

1. c4 e5 2. g3 d6 3. Bg2 Nf6 4. Nc3 Be7 5. Nf3 c5 6. O-O Nbd7 7. d3 O-O 8. Bd2
b6 9. Nxe5 dxe5 10. Bxa8 Ng4 11. h3 Ngf6 12. Bg2 Bd6 13. a3 Qc7 14. Rb1 Bb7 15.
b4 Bxg2 16. Kxg2 cxb4 17. axb4 a6 18. Qa4 Ra8 19. Be3 Qb7+ 20. Kg1 g6 21. c5
bxc5 22. bxc5 Nxc5 23. Bxc5 Qd7 24. Qxd7 Nxd7 25. Bxd6 Rc8 26. Nd5 Kg7 27. Nb6
Nxb6 28. Rxb6 Ra8 29. Bxe5+ f6 30. Bxf6+ Kh6 31. h4 a5 32. Bg5+ Kg7 33. Rb7+ Kg8
34. Rfb1 Re8 35. Bh6 Rxe2 36. Rc1 Re6 37. Rc8+ 1-0

[Event "ch-FRA Blitz Online Qual"]
[Site "Europe-Chess INT"]
[Date "2020.05.16"]
[Round "2"]
[White "Lebrun, Mathieu"]
[Black "Ben Mohamed, Kader"]
[Result "0-1"]
[WhiteElo "1177"]
[BlackElo "1591"]
[WhiteFideId "36094099"]
[BlackFideId "45118523"]
[EventDate "2020.05.16"]

1. e4 d5 2. exd5 Nf6 3. Nc3 Nxd5 4. Nxd5 Qxd5 5. Nf3 Bg4 6. Be2 Nc6 7. d3 O-O-O
8. Be3 e5 9. c4 Bb4+ 10. Kf1 Kb8 11. a3 Qd6 12. axb4 Nxb4 13. Qc2 Nxc2 14. Rd1
Nxe3+ 15. fxe3 f5 16. Kf2 e4 17. Nd4 Qh6 18. Bxg4 fxg4 19. Rhe1 Rhf8+ 20. Kg1
exd3 21. Rd2 Qf6 22. Red1 Qe5 23. Rxd3 Rxd4 24. Rxd4 Qf6 25. Re4 Qf2+ 26. Kh1
Qf1+ 27. Rxf1 Rxf1# 0-1

[Event "ch-FRA Blitz Online Qual"]
[Site "Europe-Chess INT"]
[Date "2020.05.16"]
[Round "2"]
[White "Vie, Maxence"]
[Black "Briguet, Remi"]
[Result "1-0"]
[WhiteElo "1648"]
[BlackElo "1160"]
[WhiteFideId "45150168"]
[BlackFideId "551081210"]
[EventDate "2020.05.16"]

1. e4 d5 2. exd5 Nf6 3. c4 e6 4. Nc3 exd5 5. cxd5 Nxd5 6. Bc4 Nxc3 7. bxc3 Bc5
8. d4 Bd6 9. Nf3 Qe7+ 10. Be3 Bf4 11. Qd3 O-O 12. O-O Bxe3 13. fxe3 Re8 14. Rae1
Qa3 15. Ng5 g6 16. Bxf7+ Kf8 17. Bxg6+ Ke7 18. Qe4+ Kd8 19. Qxe8# 1-0

[Event "ch-FRA Blitz Online Qual"]
[Site "Europe-Chess INT"]
[Date "2020.05.16"]
[Round "2"]
[White "Sithisak, William"]
[Black "Guillou, Paul"]
[Result "1-0"]
[WhiteElo "1692"]
[BlackElo "1157"]
[WhiteFideId "45120749"]
[BlackFideId "551031140"]
[EventDate "2020.05.16"]

1. d4 d5 2. c4 e6 3. Nc3 Nf6 4. cxd5 exd5 5. Bg5 Nbd7 6. e3 c6 7. Bd3 Bb4 8. Ne2
h6 9. Bh4 O-O 10. O-O Be7 11. a3 b6 12. b4 Bb7 13. Rc1 Rc8 14. Qd2 Bd6 15. Bg3
Qc7 16. Nb5 Bxg3 17. Nxc7 Bxc7 18. Ng3 Rfe8 19. Rfe1 b5 20. Qc2 Bb6 21. a4 bxa4
22. Qxa4 a5 23. bxa5 Ra8 24. a6 Bc8 25. Qxc6 Ra7 26. Qa4 Nb8 27. Bb5 Rd8 28. e4
dxe4 29. Nxe4 Nxe4 30. Rxe4 Bxa6 31. Bxa6 Rxa6 32. Qc4 Ra7 33. g3 Rc7 34. Qf1
Rcd7 35. Rce1 Nc6 36. Re8+ Rxe8 37. Rxe8+ Kh7 38. Qd3+ g6 39. Qb5 Rxd4 40. Qxb6
Rd1+ 41. Kg2 Nd4 42. Qf6 Nf5 43. Qh8# 1-0

[Event "ch-FRA Blitz Online Qual"]
[Site "Europe-Chess INT"]
[Date "2020.05.16"]
[Round "2"]
[White "Rieger, Lylian"]
[Black "Robine, Guillaume"]
[Result "0-1"]
[WhiteElo "1148"]
[BlackElo "1571"]
[WhiteFideId "551000105"]
[BlackFideId "45127352"]
[EventDate "2020.05.16"]

1. e4 d5 2. exd5 Nf6 3. c4 e6 4. dxe6 Bxe6 5. d4 Bb4+ 6. Bd2 Bxd2+ 7. Nxd2 Qxd4
8. Qb3 O-O 9. Qxb7 Nbd7 10. Ngf3 Qd6 11. Ne4 Nxe4 12. Qxe4 Rfe8 13. Rd1 Qb4+ 14.
Rd2 Bxc4 15. Qxe8+ Rxe8+ 16. Kd1 Bxf1 17. Rxf1 Nc5 18. Re1 Rxe1+ 19. Kxe1 g6 20.
Ke2 Qe4+ 21. Kd1 Kg7 22. Rc2 Nd3 23. h3 Nf4 24. Ng5 Qd3+ 25. Rd2 Qf1+ 26. Kc2
Qc4+ 27. Kd1 Qa4+ 28. b3 Qb5 29. Ne4 Nxg2 30. f3 Nf4 31. Nc3 Qf1+ 32. Kc2 Qxf3
33. Nd5 Qe4+ 34. Kc3 Nxh3 35. Nxc7 Nf4 36. Nd5 h5 37. Nb4 h4 38. Rd4 Qe3+ 39.
Kc4 h3 40. Rd1 Qe2+ 41. Kc3 Qxd1 42. Nd3 Qxd3+ 43. Kb4 Nd5+ 44. Ka3 Qc2 45. b4
Qc3+ 46. Ka4 Qxb4# 0-1

[Event "ch-FRA Blitz Online Qual"]
[Site "Europe-Chess INT"]
[Date "2020.05.16"]
[Round "2"]
[White "Vernadet, Jacques"]
[Black "Mirguet, Vladislav"]
[Result "1-0"]
[WhiteElo "1600"]
[BlackElo "1073"]
[WhiteFideId "665169"]
[BlackFideId "45136432"]
[EventDate "2020.05.16"]

1. e4 e5 2. f4 d6 3. Nf3 Nf6 4. Nc3 Bg4 5. Be2 Nc6 6. h3 Bxf3 7. Bxf3 Be7 8. d3
O-O 9. Ne2 d5 10. exd5 Nxd5 11. Bxd5 Qxd5 12. O-O Bh4 13. g3 Qc5+ 14. Kh2 Bf6
15. c3 exf4 16. Bxf4 Rac8 17. b4 Qe7 18. Re1 Rfe8 19. Qd2 Rcd8 20. Nd4 Qd7 21.
Rxe8+ Rxe8 22. Nxc6 Qxc6 23. Re1 Rxe1 24. Qxe1 h6 25. d4 g5 26. Be5 Bxe5 27.
Qxe5 Qxc3 28. Qe8+ Kg7 29. Qe5+ Kf8 30. Qh8+ Ke7 31. Qe5+ Kf8 32. Qh8+ Ke7 33.
Qe5+ Kd7 34. Qf5+ Kd6 35. Qe5+ Kd7 36. Qf5+ Kd8 37. Qd5+ Kc8 38. Qf5+ Kb8 39.
Qxf7 Qd2+ 40. Kg1 Qxd4+ 41. Kg2 Qd2+ 42. Kf1 Qd1+ 43. Kg2 Qe2+ 44. Kg1 Qe1+ 45.
Kg2 Qe4+ 46. Kg1 Qe3+ 47. Kg2 Qd2+ 48. Kg1 Qd4+ 49. Kg2 Qe4+ 50. Kg1 b5 51. Qg8+
Kb7 52. Qb3 Kc8 53. Kh2 Qe2+ 54. Kg1 Qe1+ 55. Kh2 Qe2+ 56. Kg1 Qe1+ 57. Kh2 Qf2+
58. Kh1 Qf1+ 59. Kh2 Qf2+ 60. Kh1 Qf1+ 61. Kh2 c6 62. Qe6+ Kc7 63. Qe7+ Kc8 64.
Qe8+ Kc7 65. Qe7+ Kc8 66. Qe6+ Kd8 67. Qd6+ Ke8 68. Qxc6+ Ke7 69. Qc5+ Kf7 70.
Qd5+ Ke7 71. Qe5+ Kd7 72. Qd5+ Ke8 73. Qe5+ Kf7 74. Qd5+ Kg7 75. Qe5+ Kg6 76.
Qe6+ Qf6 77. Qxf6+ Kxf6 78. g4 Kg6 79. Kg2 h5 80. Kf3 hxg4+ 81. hxg4 a6 82. Ke4
Kf6 83. Kd5 Kg6 84. Ke5 Kh6 85. Kf5 Kh7 86. Kxg5 Kg7 87. Kf5 Kf7 88. g5 Kg7 89.
g6 Kf8 90. Kf6 a5 91. bxa5 b4 92. a6 b3 93. axb3 Ke8 94. a7 Kd8 95. a8=Q+ Kd7
96. Qa6 Kc7 97. g7 Kd7 98. g8=Q Kc7 99. Qgc8# 1-0

[Event "ch-FRA Blitz Online Qual"]
[Site "Europe-Chess INT"]
[Date "2020.05.16"]
[Round "2"]
[White "Fronius, Lino"]
[Black "Gouait, Raymond"]
[Result "0-1"]
[WhiteElo "1313"]
[BlackElo "1566"]
[WhiteFideId "36050083"]
[BlackFideId "20621604"]
[EventDate "2020.05.16"]

1. e4 c5 2. Nf3 d6 3. d4 cxd4 4. Nxd4 Nf6 5. Nc3 a6 6. Bg5 e5 7. Nf3 Be7 8. Bc4
b5 9. Bb3 O-O 10. Qd2 Be6 11. Bxf6 gxf6 12. Qh6 Kh8 13. Nd5 Rg8 14. O-O-O Rg6
15. Qh5 Nc6 16. Nh4 Rg7 17. Nf5 Bxf5 18. exf5 Nd4 19. Ne3 Nxb3+ 20. axb3 Qg8 21.
g3 Rg5 22. Qh4 Rc8 23. h3 Qd8 24. Ng4 Qd7 25. Nh6 Rg7 26. f4 Qc6 27. c3 a5 28.
Ng4 Qe4 29. fxe5 dxe5 0-1

[Event "ch-FRA Blitz Online Qual"]
[Site "Europe-Chess INT"]
[Date "2020.05.16"]
[Round "2"]
[White "Baudouin, Moise"]
[Black "Muller, Lorelei"]
[Result "1/2-1/2"]
[WhiteElo "1135"]
[BlackElo "1541"]
[WhiteFideId "45116369"]
[BlackFideId "20669208"]
[EventDate "2020.05.16"]

1. c4 Nf6 2. g3 g6 3. Bg2 Bg7 4. Nf3 d6 5. d4 O-O 6. Nc3 c5 7. O-O Nbd7 8. Bf4
Nb6 9. b3 cxd4 10. Nxd4 Nh5 11. Be3 Nd7 12. Qd2 Re8 13. Rad1 Ne5 14. Bh6 Bxh6
15. Qxh6 Ng4 16. Qg5 e5 17. Qxd8 Rxd8 18. Nf3 Ngf6 19. Nd5 Nxd5 20. Rxd5 Be6 21.
Rdd1 Rab8 22. Ng5 Ng7 23. Nxe6 Nxe6 24. h4 Nd4 25. Rfe1 b6 26. Rd2 f6 27. e3 Nf5
28. Bd5+ Kg7 29. Bg2 Ne7 30. f4 h6 31. Red1 Nf5 32. fxe5 fxe5 33. Kf2 Rf8 34.
Bf3 Rbd8 35. e4 Nd4 36. Rd3 Rf6 37. Rf1 Rdf8 38. Kg2 Nxf3 39. Rdxf3 Rxf3 40.
Rxf3 Rxf3 41. Kxf3 Kf6 42. Kg4 h5+ 43. Kf3 a6 44. a3 Ke6 45. g4 Kd7 46. gxh5
gxh5 47. Ke3 Kc6 48. Kd3 a5 49. Kc3 Kc5 50. b4+ axb4+ 51. axb4+ Kc6 52. Kb3 b5
53. Kc3 Kb6 54. cxb5 Kxb5 55. Kb3 Kb6 56. Kc4 Kc7 57. Kd5 Kd7 58. b5 Kc7 59. Ke6
Kb6 60. Kxd6 Kxb5 61. Kxe5 Kc6 62. Kf5 Kd6 63. e5+ Kd7 64. e6+ Ke7 65. Ke5 Ke8
66. Kf6 Kf8 67. e7+ Ke8 68. Kg6 Kxe7 69. Kxh5 Kf7 70. Kg5 Kg7 71. h5 Kh7 72. h6
Kg8 73. Kg6 Kh8 74. Kh5 Kh7 75. Kg5 Kg8 76. Kg6 Kh8 77. Kg5 Kh7 1/2-1/2

[Event "ch-FRA Blitz Online Qual"]
[Site "Europe-Chess INT"]
[Date "2020.05.16"]
[Round "2"]
[White "Daude, Alexandre"]
[Black "Chen, Zhiyue Dashan"]
[Result "1-0"]
[WhiteElo "1518"]
[BlackElo "1119"]
[WhiteFideId "45102660"]
[BlackFideId "551034930"]
[EventDate "2020.05.16"]

1. e4 e5 2. Bc4 Nf6 3. d4 Nc6 4. Nf3 exd4 5. e5 Ng8 6. Nxd4 d6 7. Nxc6 bxc6 8.
Qf3 Qe7 9. Qxc6+ Qd7 10. Qxa8 dxe5 11. O-O Nf6 12. Bg5 Be7 13. Nc3 O-O 14. Qxa7
h6 15. Bxf6 Bxf6 16. Rad1 Qe7 17. Nd5 Qd7 18. Nxf6+ gxf6 19. Rxd7 Bxd7 20. Qxc7
Bf5 21. c3 Rc8 22. Qxf7+ Kh8 23. Qxf6+ Kh7 24. Qxf5+ Kg7 25. Qxc8 Kf6 26. Qe6+
Kg5 27. f4+ exf4 28. h4+ Kxh4 29. Rxf4+ Kg5 30. Qf6+ Kh5 31. Be2# 1-0